Srimadvalmikiramayana-Balakanda V1 (Record no. 95434)

MARC details
000 -LEADER
fixed length control field 00778nam a2200229Ia 4500
003 - CONTROL NUMBER IDENTIFIER
control field OSt
005 - DATE AND TIME OF LATEST TRANSACTION
control field 20260507143700.0
008 - FIXED-LENGTH DATA ELEMENTS--GENERAL INFORMATION
fixed length control field 210210b1960 xxu||||| |||| 00| 0 eng d
040 ## - CATALOGING SOURCE
Transcribing agency AL
041 ## - LANGUAGE CODE
Language code of text/sound track or separate title Sanskrit
082 ## - DEWEY DECIMAL CLASSIFICATION NUMBER
Classification number S891.1 VARS
100 ## - MAIN ENTRY--PERSONAL NAME
Personal name VARADACHARYA (K S), Ed.
Dates associated with a name वरदचार्य (के एस्)
9 (RLIN) 263493
245 ## - TITLE STATEMENT
Title Srimadvalmikiramayana-Balakanda V1
Remainder of title श्रिमद्वाल्मीकी रामायणम् : बालकाण्ड प्रथम् संपुट
260 ## - PUBLICATION, DISTRIBUTION, ETC.
Place of publication, distribution, etc. Mysore
Name of publisher, distributor, etc. Oriental research institute
Date of publication, distribution, etc. 1960
300 ## - PHYSICAL DESCRIPTION
Extent 527
440 ## - SERIES STATEMENT/ADDED ENTRY--TITLE
Title 1
9 (RLIN) 263494
650 ## - SUBJECT ADDED ENTRY--TOPICAL TERM
Topical term or geographic name entry element V1
9 (RLIN) 263495
650 ## - SUBJECT ADDED ENTRY--TOPICAL TERM
Topical term or geographic name entry element Srimadvalmikiramayana-Balakanda
9 (RLIN) 263496
690 ## - LOCAL SUBJECT ADDED ENTRY--TOPICAL TERM (OCLC, RLIN)
Topical term or geographic name as entry element Sanskrit Poetry
9 (RLIN) 263497
906 ## - LOCAL DATA ELEMENT F, LDF (RLIN)
a 045819
942 ## - ADDED ENTRY ELEMENTS (KOHA)
Source of classification or shelving scheme Dewey Decimal Classification
Koha item type Book
Holdings
Withdrawn status Lost status Source of classification or shelving scheme Damaged status Not for loan Collection code Home library Current library Shelving location Date acquired Cost, normal purchase price Total Checkouts Full call number Barcode Date last seen Uniform Resource Identifier Price effective from Koha item type
    Dewey Decimal Classification     Sanskrit St Aloysius Library St Aloysius Library   02/17/2021 6.00   S891.1 VARS 045819 02/17/2021 https://archive.org/details/zhnT_shrimad-valmiki-ramayan-vol-1-bal-canto-ed-by-k-s-varad-acharya-with-amrataka-of 02/17/2021 Book